| 000 | 03042cgm a2200685M 4500 | ||
|---|---|---|---|
| 001 | ocn865205049 | ||
| 003 | OCoLC | ||
| 005 | 20241220140522.0 | ||
| 007 | vd cgaizq | ||
| 008 | 020730s1996 cau091 g vaeng d | ||
| 020 | _a0788830120 (v.r.) | ||
| 020 | _a9780788830129 (v.r.) | ||
| 024 | 1 | _a786936160079 | |
| 028 | 4 | 2 |
_a23315 _bDisney DVD |
| 035 | _a(OCoLC)865205049 | ||
| 040 |
_aCNKFP _beng _cCNKFP _dUINTA _e |
||
| 041 | 0 | _aengfrespa | |
| 049 | _aUCLB | ||
| 082 | 0 | 4 | _a[Fic] |
| 092 | _a791.437 | ||
| 245 | 0 | 4 | _aThe hunchback of Notre Dame |
| 246 | 3 | _aWalt Disney presents the original animated classic, The hunchback of Notre Dame | |
| 246 | 3 | _aOriginal animated classic, The hunchback of Notre Dame | |
| 260 |
_a[Burbank, Calif.] : _bDisney DVD ; _bDistributed by Buena Vista Home Video, _c[1996] |
||
| 264 |
_a[Burbank, Calif.] : _bDisney DVD ; _c[1996] |
||
| 300 |
_a1 videodisc (ca. 91 min.) : _bsd., col. ; _c4 3/4 in. |
||
| 500 | _aDisc label title. | ||
| 500 | _aDigital video disc (DVD). | ||
| 500 | _aAnimated. | ||
| 500 | _aWidescreen version (1.85:1). | ||
| 500 | _aStory by Tab Murphy, from the Victor Hugo novel Notre Dame de Paris. | ||
| 500 | _aSpecial features include: making-of featurette, audio commentaries, sing-along song, multi-language reel, Topsy Turvy underground game. Chapter search index inserted in container. | ||
| 500 | _aAt head of title: Walt Disney presents the original animated classic. | ||
| 508 | _aMusic and original score by Alan Menken ; lyrics by Stephen Schwartz ; artistic direction, David Goetz ; editor Ellen Keneshea. | ||
| 511 | 0 | _aVoice actors: Tom Hulce, Jason Alexander, Demi Moore, Tony Jay, Kevin Kline, Paul Kandel, Charles Kimbrough, David Odgen-Stiers. | |
| 520 | _aQuasimodo, the hunchbacked bellringer of Notre Dame Cathedral, rejected because of his deformity, is rescued by another outcast, the beautiful gypsy Esmeralda, and finds himself battling to save the people and the city he loves. | ||
| 521 | 8 | _aCHV rating: PG. | |
| 521 | 8 | _aMPAA rating: G. | |
| 538 | _aDVD Dolby digital 5.1 surround sound. | ||
| 538 | _aNTSC 1. | ||
| 540 | _aFor home use only. | ||
| 546 | _aEnglish, French and Spanish language tracks. | ||
| 546 | _aClosed-captioned for the hearing impaired. | ||
| 650 | 0 |
_aQuasimodo (Fictitious character) _vFiction. _96476531 |
|
| 650 | 0 |
_aAnimated films. _96269122 |
|
| 650 | 0 |
_aChildren's films. _96269123 |
|
| 650 | 0 |
_aFeature films. _96269124 |
|
| 650 | 0 |
_aFilms for the hearing impaired. _982528 |
|
| 651 | 0 |
_aParis (France) _vFiction. _95679137 |
|
| 651 | 0 |
_aFrance _xHistory _yMedieval period, 987-1515 _vFiction. _96468911 |
|
| 700 | 1 |
_aTrousdale, Gary. _926896 |
|
| 700 | 1 |
_aWise, Kirk. _946599 |
|
| 700 | 1 |
_aMenken, Alan. _915460 |
|
| 700 | 1 |
_aHulce, Tom, _d1953- _934924 |
|
| 700 | 1 |
_aAlexander, Jason, _d1959- _962565 |
|
| 700 | 1 |
_aMoore, Demi. _960164 |
|
| 700 | 1 |
_aHugo, Victor, _d1802-1885. _tNotre-Dame de Paris. _947903 |
|
| 710 | 2 |
_aWalt Disney Pictures. _922141 |
|
| 942 |
_cDVD _2ddc |
||
| 999 |
_c109239 _d109239 |
||